NCAA Division 1 Schools in Florida - Statistics

General Stats
  • This quiz has been taken 1,012 times
    996 since last reset
  • The average score is 10 of 13
Answer Stats
Primary conference Full name School % Correct
SEC University of Florida Florida
100%
ACC Florida State University Florida State
99%
ACC University of Miami Miami
95%
American University of Central Florida Central Florida
92%
American University of South Florida South Florida
90%
CUSA Florida Atlantic University Florida Atlantic
87%
CUSA Florida International University Florida International
81%
SWAC Florida A&M University Florida A&M
65%
Atlantic Sun University of North Florida North Florida
65%
Atlantic Sun Jacksonville University Jacksonville
64%
Atlantic Sun Florida Gulf Coast University Florida Gulf Coast
62%
Atlantic Sun Stetson University Stetson
45%
SWAC Bethune–Cookman University Bethune–Cookman
39%
No matching quizzes found
Score Distribution
Percent of People with Each Score
Percentile by Number Answered
Your Score History
You have not taken this quiz since the last reset